Fundamental managerial accounting concepts (Бичлэгийн дугаар. 145270)
| 000 -УДИРДЛАГА | |
|---|---|
| Удирдлага | 00924nam a22002777a 4500 |
| 003 - ХЯНАЛТЫН ТОО ТОДОРХОЙЛОГЧ | |
| Код | MN-UlNUM |
| 005 - БИЧИЛТ ХИЙСЭН ОГНОО | |
| Тухайн бичилтийг бичсэн засварласан сүүлийн огноо | 20251104123803.0 |
| 008 - ЕРӨНХИЙ МЭДЭЭЛЭЛ | |
| Ерөнхий мэдээлэл | 251104s2006 nyua|||| |||| 001 0 eng d |
| 020 ## - ISBN | |
| ISBN | 0072991055 |
| 040 ## - БИЧЛЭГ ҮҮСГЭГЧ БАЙГУУЛЛАГА | |
| Бичлэг үүсгэгч номын сангийн код | МУИС-ийн номын сан |
| 084 ## - ББК АНГИЛАЛ | |
| Нэмэлт тусгалт | Нэг сэдэвт бүтээл |
| ББК ангилал | 65.052 |
| Зохиогчийн гурван тэмдэгт | F 97 |
| Мэдлэгийн ялгаа | 65 - Эдийн засаг |
| 245 00 - ҮНДСЭН ГАРЧИГ | |
| Номын нэр | Fundamental managerial accounting concepts |
| Оролцогчдын тухай мэдээ | Thomas P. Edmonds ... [et al.]. |
| 250 ## - ДАХИН ХЭВЛЭЛТ | |
| Дахин гаралтын дугаар | 3rd ed. |
| 260 ## - ГАРАЛТЫН МЭДЭЭ | |
| Хэвлэгдсэн газар | New York : |
| Хэвлэлийн газар | McGraw-Hill/Irwin, |
| Хэвлэгдсэн он | 2006. |
| 300 ## - МАТЕРИАЛЫН ТОДОРХОЙЛОЛТ | |
| хуудасны тоо | xxxii, 654 p. : |
| Бусад тоон мэдээлэл | col. ill. ; |
| Хэмжээ | 29 cm. |
| 500 ## - Тайлбар | |
| Дансны дугаар | БС 1898 |
| 546 ## - ХЭЛНИЙ ТУХАЙ МЭДЭЭ | |
| Хэл | Англи хэл дээр, |
| 653 ## - Түлхүүр үг | |
| Түлхүүр үг | Managerial accounting. |
| 700 ## - ХАМ ЗОХИОГЧИД | |
| Ба бус | Edmonds, Thomas P. |
| 740 ## - НОМЫН ГАРЧИГ | |
| Гарчиг | Management Accounting: A Value-Added Discipline |
| 740 ## - НОМЫН ГАРЧИГ | |
| Гарчиг | Cost Behavior, Operating Leverage, and Profitability Analysis |
| 740 ## - НОМЫН ГАРЧИГ | |
| Гарчиг | Analysis of Cost, Volume, and Pricing to Increase Profitability |
| 740 ## - НОМЫН ГАРЧИГ | |
| Гарчиг | Relevant Information for Special Decisions |
| 942 ## - ЭЛЕМЕНТИЙН ТӨРӨЛ | |
| Зүйлийн төрөл | Ном |
